• 首页
  • 本馆介绍
  • 公告通知
  • 最新文献
  • 馆藏检索
  • 电子资源
  • 读者导购
  • 参考咨询
  • 我的图书馆
  • 登录
  • 详细信息显示
  • 放入我的书架
  • 预约/预借图书
  • 作者相关作品
  • 分类相关作品
  • 丛书相关作品
  • 出版社相关作品

书目信息

  • 表格格式
  • 工作单格式
  • 卡片格式
题名:
中华人民共和国婚姻家庭法典
    
 
作者: ;国务院法制办公室 编
分册:  
出版信息: 北京   中国法制出版社  2016
页数: 10, 482页
开本: 24cm
丛书名: 注释法典
单 册:
中图分类: D923.905
科图分类:
主题词: 婚姻法--Hun Yin Fa--注释--中国
电子资源:
ISBN: 978-7-5093-6917-3
000 01177nam 2200277 450
001 1652510125
005 20160302104428.0
010    @a978-7-5093-6917-3@dCNY72.00
100    @a20150101d2016 km y0chiy50 ea
101 0  @achi
102    @aCN@b110000
105    @ay z 000yy
106    @ar
200 1  @a中华人民共和国婚姻家庭法典@Azhong hua ren min gong he guo hun yin jia ting fa dian@d= Marriage and family law@f国务院法制办公室编@zeng
205    @a第3版
210    @a北京@c中国法制出版社@d2016
215    @a10, 482页@d24cm
225 2  @a注释法典@AZhu Shi Fa Dian@v3
330    @a本书为婚姻家庭分册,收录了我国婚姻家庭领域常用的法律、行政法规、规章等文件,以及相关的案例、图表等。“中华人民共和国注释法典“丛书是我社集数年法规编撰经验,创新出版的大型实用法律工具书。本套工具书不仅全面反映中国特色社会主义法律体系形成成果,而且秉承权威、实用的理念,相信能够成为广大读者理解、掌握、适用法律的首选工具书。
333    @a法律从业者
410  0 @12001 @a注释法典@v3
606 0  @a婚姻法@AHun Yin Fa@x注释@y中国
690    @aD923.905@v4
711 02 @a国务院法制办公室@Aguo wu yuan fa zhi ban gong shi@4编
801  0 @aCN@bBP@c20160302
905    @aBZT@dD923.905@e157
    
    中华人民共和国婚姻家庭法典= Marriage and family law/国务院法制办公室编.-第3版.-北京:中国法制出版社,2016
    10, 482页;24cm.-(注释法典;3)
    使用对象:法律从业者
    
    ISBN 978-7-5093-6917-3:CNY72.00
    本书为婚姻家庭分册,收录了我国婚姻家庭领域常用的法律、行政法规、规章等文件,以及相关的案例、图表等。“中华人民共和国注释法典“丛书是我社集数年法规编撰经验,创新出版的大型实用法律工具书。本套工具书不仅全面反映中国特色社会主义法律体系形成成果,而且秉承权威、实用的理念,相信能够成为广大读者理解、掌握、适用法律的首选工具书。
●
相关链接 在五车中查询图书 在当当中查询图书 在豆瓣中查询图书


正题名:中华人民共和国婚姻家庭法典     索取号:D923.905/157         预约/预借

序号 登录号 条形码 馆藏地/架位号 状态 备注
1 811835   2000811835   第二书库/ [索取号:D923.905/157] 在馆    
2 811836   2000811836   第二书库/ [索取号:D923.905/157] 在馆    
3 811837   2000811837   第二书库/ [索取号:D923.905/157] 在馆    
山东省滨州职业学院图书馆 欢迎您!
大连网信软件有限公司© 版权所有